[Event "14th ch-EUR Ind w"]
[Site "Belgrade SRB"]
[Date "2013.07.23"]
[Round "1.41"]
[White "Velickovski Nejkovic,M"]
[Black "Majdan,J"]
[Result "1-0"]
[WhiteElo "2083"]
[BlackElo "2375"]
[EventDate "2013.07.23"]

1. c4 e5 2. Nc3 d6 3. Nf3 f5 4. d3 Nf6 5. g3 Be7 6. Bg2 O-O 7. O-O Qe8 8. c5 Kh8
9. cxd6 Bxd6 10. d4 e4 11. Ne5 Be6 12. f3 exf3 13. exf3 Nc6 14. f4 Rd8 15. Qa4
Ne4 16. Nxc6 bxc6 17. Nxe4 fxe4 18. Re1 c5 19. Qxe8 Rfxe8 20. dxc5 Bxc5+ 21. Be3
Bb4 22. Rec1 Rd3 23. Bxa7 Bf5 24. a3 Bd2 25. Rxc7 e3 26. Bc6 Red8 27. Re7 h5 28.
Bf3 Bg4 29. Bxg4 hxg4 30. Kf1 R8d5 31. Rb1 Rh5 32. Kg2 Kh7 33. a4 Bb4 34. Rxe3
Rd2+ 35. Kf1 Rhxh2 36. Re5 Rd3 37. Kg1 Rc2 38. Be3 Bd6 39. Rh5+ Kg8 40. Bf2 Rf3
41. Rh2 Kf7 42. a5 Ke6 43. Rg2 Rfxf2 44. Rxf2 Bc5 45. Rf1 Rxb2 46. Kg2 Bxf2 47.
Rxf2 Rb5 48. Ra2 Kd5 49. a6 Rb8 50. a7 Ra8 51. Kf2 Ke4 52. Ke2 Kd4 53. Ra4+ Kd5
54. Kd3 g6 55. Ra5+ Kd6 56. Kd4 Kd7 57. Ra6 1-0

[Event "14th ch-EUR Ind w"]
[Site "Belgrade SRB"]
[Date "2013.07.23"]
[Round "1.50"]
[White "Purtseladze,M"]
[Black "Utiatskaja,Irina"]
[Result "1-0"]
[WhiteElo "2349"]
[BlackElo "2047"]
[EventDate "2013.07.23"]

1. d4 Nf6 2. c4 e6 3. Nc3 Bb4 4. e3 O-O 5. Ne2 Re8 6. a3 Bf8 7. e4 d6 8. Bg5 Be7
9. Qc2 Nbd7 10. f3 a6 11. Be3 Rb8 12. g4 e5 13. d5 Nf8 14. Ng3 c6 15. g5 N6d7
16. h4 Nb6 17. Qf2 Nfd7 18. Nf5 cxd5 19. Nxe7+ Rxe7 20. cxd5 Nc5 21. Bxc5 dxc5
22. Qxc5 Bd7 23. Rd1 Na4 24. Nxa4 Bxa4 25. Rc1 Bd7 26. Qd6 b5 27. b4 Rb6 28. Qc7
Re8 29. Qxd8 Rxd8 30. Bh3 Bxh3 31. Rxh3 a5 32. Rh2 axb4 33. axb4 h6 34. Rhc2
Rdd6 35. Kf2 hxg5 36. hxg5 Ra6 37. Rc6 Ra2+ 38. Kg3 Rxc6 39. dxc6 Ra8 40. Kg4 g6
41. Rc5 Rc8 42. c7 Kf8 43. f4 exf4 44. Kxf4 Ke8 45. Ke5 Ke7 46. Rc3 Kd7 47. Kf6
Ke8 48. e5 Kf8 49. Rd3 Kg8 50. Rc3 Kf8 51. e6 fxe6 52. Kxe6 1-0

[Event "14th ch-EUR Ind w"]
[Site "Belgrade SRB"]
[Date "2013.07.23"]
[Round "1.79"]
[White "Mahmutbegovic,N"]
[Black "Umudova,N"]
[Result "0-1"]
[WhiteElo "1800"]
[BlackElo "2253"]
[EventDate "2013.07.23"]

1. e4 c6 2. d4 d5 3. exd5 cxd5 4. Bf4 Nc6 5. c3 Bf5 6. Qb3 Qd7 7. Nf3 e6 8. Be2
f6 9. Nbd2 Nge7 10. h3 g5 11. Bh2 h5 12. Qd1 Bg6 13. Nb3 Nf5 14. Bd3 Bd6 15.
Bxd6 Qxd6 16. Qe2 Kf7 17. O-O-O Nb8 18. g4 Ne7 19. Bxg6+ Nxg6 20. Nc5 b6 21. Nd3
hxg4 22. hxg4 Nd7 23. Kb1 Rag8 24. Rde1 Rxh1 25. Rxh1 Rh8 26. Rxh8 Nxh8 27. Qf1
Ng6 28. Qh1 Kg7 29. Qe1 Ndf8 30. Qe3 Kf7 31. Kc2 Nd7 32. Qc1 Nb8 33. Qh1 Kg7 34.
Qh2 Qd8 35. Kd2 Nc6 36. Qh1 Na5 37. b3 Nb7 38. Nfe1 Qc7 39. Ng2 Nd6 40. f3 Nb5
41. Qc1 Qh2 42. Qf1 Nh4 43. Ne1 Nd6 44. Qe2 Kf7 45. Kd1 Qg3 46. Ne3 b5 47. Nf1
Qf4 48. Nd2 Qg3 49. Nd3 Ng6 50. Nf1 Qh3 51. Nf2 Qh4 52. Nd3 Qh1 53. Nf2 Qh7 54.
Nd3 Nf4 55. Nxf4 Qb1+ 56. Kd2 Qxa2+ 57. Ke1 Qa1+ 58. Kf2 gxf4 59. Qd2 Ke7 60.
Qxf4 Qxc3 61. g5 Nf5 62. gxf6+ Kf7 63. Qb8 Nxd4 64. Qxa7+ Kxf6 65. Nh2 Qd2+ 66.
Kg3 Nf5+ 67. Kh3 Qf4 68. Qf2 d4 69. Ng4+ Ke7 70. Kg2 Kf7 71. Qe2 Qg3+ 72. Kf1
Qxg4 73. Qxe6+ Kxe6 74. fxg4 Ne3+ 0-1

[Event "14th ch-EUR Ind w"]
[Site "Belgrade SRB"]
[Date "2013.07.23"]
[Round "1.80"]
[White "Olsarova,K"]
[Black "Injac,Teodora"]
[Result "1-0"]
[WhiteElo "2246"]
[BlackElo "1713"]
[EventDate "2013.07.23"]

1. e4 e6 2. d4 d5 3. Nd2 c5 4. exd5 exd5 5. Bb5+ Nc6 6. Ne2 Bd6 7. dxc5 Bxc5 8.
Nb3 Bb6 9. O-O Ne7 10. Bf4 O-O 11. c3 Bf5 12. Qd2 a6 13. Ba4 Be4 14. Rad1 Qd7
15. Ng3 Qe6 16. Nxe4 Qxe4 17. Bxc6 Nxc6 18. Bd6 Rfd8 19. Qxd5 Qa4 20. Rd2 Bc7
21. Nc5 Qb5 22. c4 Qb6 23. Na4 Qa5 24. Qxa5 Nxa5 25. Bxc7 Rxd2 26. Bxa5 Rc2 27.
Nb6 Re8 28. Bc3 Rce2 29. a4 R2e6 30. a5 Rd8 31. g3 f6 32. Rc1 Kf7 33. Kf1 Red6
34. Nd5 Rc6 35. b3 Re6 36. Bd4 Rc6 37. Be3 Rd7 38. Ke2 g5 39. Rd1 Rcd6 40. Rd4
Kg7 41. Kd3 Re6 42. Nb6 Rde7 43. Rd8 Re5 44. Nd5 Rf7 45. b4 h6 46. b5 axb5 47.
cxb5 Re6 48. Nb4 Re5 49. a6 bxa6 50. bxa6 Ra5 51. Rb8 Ra3+ 52. Kc4 Kg6 53. Rb7
Rf8 54. a7 Ra8 55. Nc6 Rc8 56. Kb4 1-0

[Event "14th ch-EUR Ind w"]
[Site "Belgrade SRB"]
[Date "2013.07.24"]
[Round "2.70"]
[White "Baraeva,I"]
[Black "Olea,L"]
[Result "1-0"]
[WhiteElo "2171"]
[BlackElo "1905"]
[EventDate "2013.07.23"]

1. d4 d5 2. Nf3 e6 3. c4 Nf6 4. Nc3 c6 5. Bg5 Nbd7 6. e3 Qa5 7. cxd5 Nxd5 8. Qb3
Bb4 9. Rc1 O-O 10. Bd3 h6 11. Bh4 c5 12. O-O Bxc3 13. bxc3 Re8 14. Rfd1 a6 15.
Bb1 b5 16. Qc2 f5 17. e4 Nf4 18. Bg3 Nh5 19. exf5 Nxg3 20. hxg3 cxd4 21. fxe6
Nf6 22. Nxd4 Bxe6 23. Nxe6 Rxe6 24. Qb3 Re8 25. Bf5 1-0

[Event "14th ch-EUR Ind w"]
[Site "Belgrade SRB"]
[Date "2013.07.25"]
[Round "3.70"]
[White "Vrabic,A"]
[Black "Sarjanovic,Andjela"]
[Result "1/2-1/2"]
[WhiteElo "2112"]
[BlackElo "1655"]
[EventDate "2013.07.23"]

1. e4 d5 2. exd5 Qxd5 3. Nc3 Qa5 4. d4 Nf6 5. Nf3 Bg4 6. Be2 c6 7. O-O e6 8. h3
Bh5 9. g4 Bg6 10. Ne5 Nbd7 11. Nc4 Qc7 12. f4 h5 13. Kg2 h4 14. Bd3 Bxd3 15.
Qxd3 O-O-O 16. Qf3 Nb6 17. Nxb6+ Qxb6 18. Ne2 Be7 19. c4 c5 20. g5 Ne8 21. dxc5
Bxc5 22. a3 Qc6 23. Qxc6+ bxc6 24. b4 Be7 25. Be3 Kb7 26. c5 Nc7 27. Rfd1 Nd5
28. Bd4 f6 29. gxf6 Bxf6 30. Kf3 Rhf8 31. Kg4 Bxd4 32. Rxd4 Ne3+ 33. Kf3 Nd5 34.
Kg4 Ne3+ 35. Kf3 Nd5 36. Kg4 Ne3+ 37. Kf3 Nd5 38. Rg1 Rf7 39. Re4 Re8 40. Rg5
Ref8 41. Rg6 e5 42. Rxe5 Nxf4 43. Nxf4 Rxf4+ 44. Ke2 Rf2+ 45. Kd3 R8f7 46. Re4
R2f3+ 47. Re3 R3f4 48. Kc3 Rf3 49. Kd4 R3f4+ 50. Ke5 R4f5+ 51. Kd6 Rd5+ 52. Ke6
Rdd7 53. Ke5 Rde7+ 54. Kd4 Rf4+ 55. Kd3 Rd7+ 56. Kc3 Rdf7 57. a4 a6 58. Rd3 Rf3
59. Rd6 Rxd3+ 60. Rxd3 Kc7 61. Re3 g5 62. Kd4 Rf4+ 63. Re4 Rf3 64. Re3 1/2-1/2

[Event "14th ch-EUR Ind w"]
[Site "Belgrade SRB"]
[Date "2013.07.27"]
[Round "5.82"]
[White "Nikolovska,D"]
[Black "Paramentic,M"]
[Result "1/2-1/2"]
[WhiteElo "1848"]
[BlackElo "1936"]
[EventDate "2013.07.23"]

1. e4 e5 2. Nc3 Nc6 3. Bc4 Nf6 4. d3 h6 5. f4 Bb4 6. Ne2 d6 7. a3 Ba5 8. b4 Bb6
9. Na4 O-O 10. Nxb6 axb6 11. c3 d5 12. exd5 Nxd5 13. O-O Bg4 14. Qe1 Bxe2 15.
Qxe2 Nxc3 16. Qh5 b5 17. Bb3 Qxd3 18. Rf3 Qd4+ 19. Kh1 Ne4 20. Ra2 Rad8 21. Be3
Qc3 22. Bg1 Qc1 23. fxe5 Ng5 24. Rg3 Nd4 25. Qd1 Qxd1 26. Bxd1 Nf5 27. Rxg5 hxg5
28. Bf3 c6 29. Bg4 g6 30. h3 Rfe8 31. Bb6 Rd5 32. Bc7 Re7 33. Bb8 Rd8 34. Ba7
Rxe5 35. Bb6 Rd3 36. a4 Re1+ 37. Kh2 Ng3 38. Bg1 bxa4 39. Rxa4 Nf5 40. Bc5 Re8
41. Ra7 Rd7 42. Bf3 Red8 43. Bb6 Rc8 44. Bg4 Re8 45. Bf3 Re6 46. Bc5 Kg7 47. Bb6
Ne7 48. Bc5 Re1 49. Bf2 Rb1 50. Bc5 Nd5 51. Be4 Re1 52. Bf3 f6 53. b5 Nc7 54.
bxc6 bxc6 55. Bb6 Ree7 56. Bxc6 Rd6 57. Bc5 Rde6 58. Bxe7 Rxe7 59. Rb7 f5 60.
Bf3 Kf6 61. g4 f4 62. Kg2 Ne6 63. Rxe7 Kxe7 64. Be4 Kf6 65. Bb1 Nd4 66. Be4 Ne2
67. Bd3 Nd4 68. Be4 Nb5 69. Bd3 Nc3 70. Bc2 Ne2 71. Bd3 Nd4 72. Be4 1/2-1/2

[Event "14th ch-EUR Ind w"]
[Site "Belgrade SRB"]
[Date "2013.07.28"]
[Round "6.84"]
[White "Rudovic,Anja"]
[Black "Pihajlic,A"]
[Result "1/2-1/2"]
[WhiteElo "1549"]
[BlackElo "1882"]
[EventDate "2013.07.23"]

1. e4 e6 2. d4 d5 3. Nc3 Nf6 4. Bg5 Bb4 5. exd5 Qxd5 6. Bf4 Qe4+ 7. Ne2 Nd5 8.
Bd2 Nxc3 9. Bxc3 Bxc3+ 10. bxc3 b6 11. Qd3 Bb7 12. Qxe4 Bxe4 13. Rc1 Nd7 14. Ng3
Bb7 15. f3 O-O 16. Bd3 Rad8 17. O-O c5 18. Ne4 Nf6 19. Nxf6+ gxf6 20. dxc5 bxc5
21. Rb1 Bd5 22. a3 Rb8 23. c4 Bc6 24. c3 f5 25. Kf2 Kg7 26. Ke3 h5 27. h4 Rh8
28. g3 Kf6 29. f4 Rhd8 30. Rxb8 Rxb8 31. Rb1 Rxb1 32. Bxb1 Kg6 33. Bd3 f6 34.
Bc2 Be8 35. Bd3 Kf7 36. Be2 Ke7 37. Bf3 Kd6 38. Bd1 e5 39. fxe5+ fxe5 40. Bc2
Ke6 41. Bd1 Kf6 42. Be2 Bf7 43. Bf1 Kg6 44. Be2 Be8 45. Bd1 Bc6 46. Be2 Bg2 47.
Kf2 Be4 48. Ke3 Bh1 49. Bd1 Bc6 50. Be2 Be8 51. Bd1 1/2-1/2

[Event "14th ch-EUR Ind w"]
[Site "Belgrade SRB"]
[Date "2013.07.29"]
[Round "7.15"]
[White "Kashlinskaya,A"]
[Black "Paehtz,E"]
[Result "1-0"]
[WhiteElo "2334"]
[BlackElo "2454"]
[EventDate "2013.07.23"]

1. d4 e6 2. c4 Nf6 3. Nc3 Bb4 4. e3 O-O 5. Ne2 Re8 6. a3 Bf8 7. g3 d5 8. cxd5
exd5 9. Bg2 c6 10. O-O Na6 11. Qc2 Nc7 12. Bd2 g6 13. Rad1 Bf5 14. Qb3 b5 15. f3
a5 16. e4 a4 17. Qc2 Be6 18. e5 Nd7 19. Qc1 c5 20. dxc5 Nxe5 21. Be3 Bf5 22. Nf4
Rc8 23. Kh1 Nc4 24. Ncxd5 Nxd5 25. Rxd5 Qa5 26. Bd4 Bh6 27. Bc3 Qa6 28. Qd1 Bxf4
29. gxf4 Rc6 30. Rd8 Rc8 31. Qd4 f6 32. Rd6 Nxd6 33. Qxf6 Qb7 34. Qh8+ Kf7 35.
Qg7+ Ke6 36. Re1+ Kd5 1-0

[Event "14th ch-EUR Ind w"]
[Site "Belgrade SRB"]
[Date "2013.07.29"]
[Round "7.16"]
[White "Peptan,C"]
[Black "Schleining,Z"]
[Result "1/2-1/2"]
[WhiteElo "2439"]
[BlackElo "2368"]
[EventDate "2013.07.23"]

1. e4 c5 2. Nf3 e6 3. c3 d5 4. exd5 exd5 5. Bb5+ Nc6 6. d4 Bd6 7. dxc5 Bxc5 8.
O-O Ne7 9. Nbd2 O-O 10. Nb3 Bd6 11. Bg5 Bg4 12. Re1 Qc7 13. h3 Bh5 14. Be2 h6
15. Bxe7 Nxe7 16. Nh4 Bxe2 17. Qxe2 Rad8 18. Rad1 Qc8 19. Nd4 Rfe8 20. Qf3 g6
21. Qf6 Bc5 22. Rd3 Bxd4 23. Rxd4 Qc6 24. Qf3 Qd6 25. Red1 Qe5 26. Qd3 Nc6 27.
Rxd5 Rxd5 28. Qxd5 Qxd5 29. Rxd5 Re1+ 30. Kh2 Re2 31. Rb5 b6 32. Kg3 Ne5 33. Rd5
Kg7 34. b3 Nc6 35. Rd6 Na5 36. Nf3 Rxa2 37. b4 Nc4 38. Rc6 b5 39. Nd4 a6 40. Rc7
Ra3 41. Ne6+ Kf6 42. Nd8 Nd6 43. Kf3 Ra2 44. Rd7 Ke5 45. Nxf7+ Nxf7 46. Rxf7 Ke6
47. Rc7 h5 48. Rc6+ Kf7 49. h4 Kg7 50. Ke3 Kf7 51. g3 Kg7 52. f3 a5 53. bxa5
Rxa5 54. Rb6 Ra3 55. Kd3 Ra5 56. f4 Kh7 57. Rb7+ Kh6 58. Re7 Ra2 59. Re2 Ra1 60.
Re3 Kg7 61. Kd4 Kf6 62. Kd5 Rb1 63. Re6+ Kf5 64. Re5+ Kf6 65. Kc6 Rb3 66. Rc5 b4
67. cxb4 Rxb4 68. Rc3 Rd4 69. Kc5 Rd1 70. Re3 Kf5 71. Re5+ Kf6 72. Kc4 Ra1 73.
Kd4 Rd1+ 74. Kc3 Ra1 75. Kd2 Ra3 76. Rg5 Ra2+ 77. Ke3 Ra3+ 78. Kf2 Ra2+ 79. Kf3
Ra3+ 80. Kg2 Ra2+ 81. Kh3 Rf2 82. Ra5 Rb2 83. Ra6+ Kf5 84. Ra8 Kf6 85. Ra1 Kf5
86. Rg1 Ra2 87. Rg2 Ra1 88. Re2 Kf6 89. Kg2 Ra3 90. Kf2 Kf5 91. Re5+ Kf6 92. Re3
Ra2+ 93. Kf3 Kf5 94. Rb3 Ra1 95. Rb5+ Kf6 96. Re5 Ra3+ 97. Re3 Ra1 98. Rd3 Rf1+
99. Ke4 Re1+ 100. Re3 Ra1 101. Rb3 1/2-1/2

[Event "14th ch-EUR Ind w"]
[Site "Belgrade SRB"]
[Date "2013.07.29"]
[Round "7.84"]
[White "Sekulovic,D"]
[Black "Korbovljanovic,N"]
[Result "1/2-1/2"]
[WhiteElo "1805"]
[BlackElo "1877"]
[EventDate "2013.07.23"]

1. e4 e5 2. Nf3 Nf6 3. Nc3 Bb4 4. Bc4 d6 5. d3 Bg4 6. h3 Bh5 7. a3 Ba5 8. Be3
Nc6 9. O-O Qd7 10. b4 Bb6 11. Nd5 Nxd5 12. Bxd5 Nd4 13. Bxd4 Bxd4 14. Rb1 c6 15.
Bb3 Qe7 16. g4 Bg6 17. Qd2 Bb6 18. Kg2 h5 19. Rh1 O-O-O 20. Qg5 Qd7 21. Qh4 Rdf8
22. Qg3 f6 23. Nh4 Bf7 24. f3 g6 25. Kf1 Rhg8 26. Ke2 Bxb3 27. Rxb3 f5 28. g5
fxe4 29. dxe4 Qe7 30. Ng2 Rf7 31. h4 Rgf8 32. Rd1 Bd4 33. Rbd3 Rd8 34. c3 Bb6
35. a4 Qe6 36. a5 Bc7 37. Qe1 Qh3 38. Qh1 Qe6 39. Qe1 Rdf8 40. Qh1 Rd7 41. Ne3
Qf7 42. Qh3 Rd8 43. c4 Kb8 44. R3d2 Qg8 45. Re1 Qf7 46. Rf1 Qe7 47. Rb1 Ka8 48.
Rbd1 Qf7 1/2-1/2

[Event "14th ch-EUR Ind w"]
[Site "Belgrade SRB"]
[Date "2013.07.31"]
[Round "8.4"]
[White "Khurtsidze,N"]
[Black "Kosteniuk,A"]
[Result "0-1"]
[WhiteElo "2443"]
[BlackElo "2489"]
[EventDate "2013.07.23"]

1. d4 Nf6 2. c4 e6 3. Nc3 Bb4 4. e3 O-O 5. Ne2 d5 6. a3 Be7 7. cxd5 exd5 8. Nf4
Re8 9. Bd3 Bd6 10. O-O Bxf4 11. exf4 Nc6 12. f3 a6 13. Ne2 Nd7 14. f5 Qf6 15.
Bb1 Nb6 16. g4 Nc4 17. Qd3 Bd7 18. g5 Qxf5 19. Qc3 Qh3 20. Bd3 Qh4 21. Rf2 Nd6
22. Nf4 Qxg5+ 23. Rg2 Qh4 24. Bd2 Bh3 25. Rg3 Bf5 26. Nxd5 Qxd4+ 27. Qxd4 Nxd4
28. Nf6+ Kf8 29. Nxe8 Bxd3 30. Nxd6 cxd6 31. Bb4 Ne2+ 32. Kf2 Nxg3 33. Bxd6+ Kg8
34. Kxg3 Rd8 35. Rc1 Bb5 36. Be7 Re8 37. Rc7 Bc6 38. Kf2 f6 39. Bb4 Re5 40. Re7
Rf5 41. Re3 g5 42. Kg3 h5 43. Rd3 h4+ 44. Kg4 Rf4+ 45. Kh5 Kg7 0-1

[Event "14th ch-EUR Ind w"]
[Site "Belgrade SRB"]
[Date "2013.07.31"]
[Round "8.6"]
[White "Atalik,E"]
[Black "Rakic,Ma"]
[Result "1-0"]
[WhiteElo "2430"]
[BlackElo "2294"]
[EventDate "2013.07.23"]

1. d4 Nf6 2. c4 e6 3. Nc3 Bb4 4. e3 b6 5. Ne2 Ba6 6. Ng3 Bxc3+ 7. bxc3 d5 8. Ba3
Bxc4 9. Bxc4 dxc4 10. Qa4+ Qd7 11. Qxc4 Qc6 12. Qxc6+ Nxc6 13. c4 O-O-O 14. Ke2
Kb7 15. Bb2 Rd7 16. Bc3 Rc8 17. a4 a5 18. Rab1 Ka6 19. Rhc1 h6 20. f3 Rdd8 21.
Nf1 Ne7 22. Nd2 c5 23. dxc5 Rxc5 24. Bd4 Rc6 25. c5 Nfd5 26. cxb6 Rxc1 27. Rxc1
Nf5 28. Be5 Kxb6 29. g4 f6 30. gxf5 fxe5 31. fxe6 Re8 32. Nc4+ Ka6 33. Nxe5 Rxe6
34. f4 g5 35. Rc5 Ne7 36. fxg5 hxg5 37. Nc4 Nc6 38. Rxg5 Rh6 39. Rg2 Rh4 40. Kd3
Kb7 41. Kc3 Rh3 42. Rg5 Kc7 43. Rc5 Kd7 44. Ne5+ Nxe5 45. Rxe5 Kd6 46. Kd4 Rh4+
47. e4 Rxh2 48. Rxa5 Rd2+ 49. Ke3 Ra2 50. Kd4 Rd2+ 51. Kc4 Rc2+ 52. Kd3 Ra2 53.
Rd5+ Kc6 54. a5 Ra4 55. Ke3 Ra1 56. Kd4 Rh1 57. Rg5 Kd6 58. Rg6+ Ke7 59. a6 Ra1
60. Rb6 Ra5 61. Rb7+ Kd6 62. Rb6+ Kd7 63. Ke3 Ke7 64. Kf4 Kd7 65. Rh6 1-0

[Event "14th ch-EUR Ind w"]
[Site "Belgrade SRB"]
[Date "2013.07.31"]
[Round "8.28"]
[White "Tarasova,Viktoriy"]
[Black "Matnadze,A"]
[Result "0-1"]
[WhiteElo "2300"]
[BlackElo "2412"]
[EventDate "2013.07.23"]

1. d4 Nf6 2. c4 e6 3. Nc3 Bb4 4. e3 Nc6 5. Bd3 e5 6. Ne2 d5 7. cxd5 Nxd5 8. e4
Nb6 9. d5 Ne7 10. O-O O-O 11. Be3 c6 12. Qb3 Bxc3 13. Nxc3 cxd5 14. exd5 Ng6 15.
Rfe1 f5 16. Rac1 Kh8 17. Bf1 Bd7 18. a4 Rb8 19. Red1 Nc8 20. Bc5 Rf6 21. g3 b6
22. a5 Nd6 23. axb6 axb6 24. Bxd6 Rxd6 25. Bb5 e4 26. Bxd7 Rxd7 27. Nb5 Ne5 28.
d6 Qf6 29. Rc7 Qh6 30. Rxd7 Qh3 31. Nd4 f4 32. Qxb6 Nxd7 33. Qa6 f3 34. Qf1
Qxf1+ 35. Rxf1 Rxb2 36. Rc1 Kg8 37. h3 Rd2 38. Nf5 g6 39. Ne7+ Kf7 40. Nc8 Ke6
41. Rc4 Rd1+ 42. Kh2 Kd5 43. Rc2 e3 44. fxe3 Ke4 45. g4 Kd3 0-1

[Event "14th ch-EUR Ind w"]
[Site "Belgrade SRB"]
[Date "2013.07.31"]
[Round "8.54"]
[White "Novkovic,J"]
[Black "Dolzhikova,O"]
[Result "1/2-1/2"]
[WhiteElo "2102"]
[BlackElo "2244"]
[EventDate "2013.07.23"]

1. e4 d5 2. exd5 Qxd5 3. Nc3 Qa5 4. d4 Nf6 5. Bc4 Bg4 6. f3 Bd7 7. Ne2 e6 8. Be3
Be7 9. Qd2 Bb4 10. O-O c5 11. a3 Bxc3 12. Nxc3 cxd4 13. Bxd4 O-O 14. Bxf6 gxf6
15. b4 Qg5 16. f4 Qh4 17. Rf3 e5 18. Rg3+ Kh8 19. Qd6 Rd8 20. Qe7 Nc6 21. Qxf7
Qh6 22. Nd5 exf4 23. Rc3 Ne5 24. Qe7 Qg7 25. Qxg7+ Kxg7 26. Be2 Rac8 27. Rxc8
Rxc8 28. Rc1 Nc4 29. Nxf4 Nxa3 30. c4 a5 31. bxa5 Ra8 32. Bf3 Bc6 33. Bxc6 bxc6
34. Rd1 Rxa5 35. Rd6 Nxc4 36. Rxc6 Ne5 37. Rc1 Ra2 38. h3 Ra7 39. Rf1 Ra6 40.
Kh2 Rb6 41. Ra1 Rb7 42. Ra6 Kf7 43. Ra3 Ng6 44. Nh5 Rb5 45. Ra7+ Ne7 46. Nf4 Rc5
47. g4 Rb5 48. Kg3 Rb3+ 49. Kf2 Rb2+ 50. Ke3 Rb3+ 51. Nd3 Rb5 52. Ke4 h5 53. Kf4
Rd5 54. Nf2 hxg4 55. Kxg4 Rg5+ 56. Kf4 Rf5+ 57. Kg3 Rg5+ 58. Kf4 Rf5+ 59. Ke3
Re5+ 60. Kf3 Rf5+ 61. Kg2 Ke6 62. Ra6+ Kf7 63. Ra7 1/2-1/2

[Event "14th ch-EUR Ind w"]
[Site "Belgrade SRB"]
[Date "2013.08.01"]
[Round "9.14"]
[White "Schut,L"]
[Black "Atalik,E"]
[Result "1-0"]
[WhiteElo "2277"]
[BlackElo "2430"]
[EventDate "2013.07.23"]

1. e4 e6 2. d4 d5 3. Nc3 Bb4 4. exd5 exd5 5. Bd3 c6 6. Ne2 Ne7 7. Ng3 O-O 8. O-O
Nd7 9. Bg5 f6 10. Bd2 Bd6 11. Nce2 Rf7 12. Re1 Nf8 13. Nf4 Neg6 14. Nxg6 hxg6
15. c4 Bxg3 16. hxg3 Bf5 17. Bf1 Qd7 18. cxd5 cxd5 19. Rc1 g5 20. Bb4 Ne6 21. g4
Bg6 22. g3 Nd8 23. Bg2 Nc6 24. Ba3 Be4 25. Bxe4 dxe4 26. d5 Ne5 27. Rxe4 Rc8 28.
Rxc8+ Qxc8 29. Bd6 Nc4 30. Be7 Ne5 31. d6 Qd7 32. Qc2 Nc6 33. Qc4 f5 34. Qe6
Qxe6 35. Rxe6 Nb8 36. Bxg5 Nd7 37. Re8+ Kh7 38. Re7 Kg8 39. Re8+ Kh7 40. gxf5
Rxf5 41. Re7 Rxg5 42. Rxd7 Rb5 43. b3 a5 44. Kg2 Rd5 45. Kf3 b5 46. Ke4 Rd2 47.
Ke5 Rxa2 48. Rb7 a4 49. Rxb5 a3 50. Ra5 Re2+ 51. Kd5 a2 52. f4 Kg6 53. d7 Rd2+
54. Ke6 Re2+ 55. Kd6 Rd2+ 56. Ke7 Re2+ 57. Kd8 Kf6 58. g4 Kf7 59. b4 Rb2 60. b5
g6 61. b6 Ke6 62. Ke8 1-0

[Event "14th ch-EUR Ind w"]
[Site "Belgrade SRB"]
[Date "2013.08.01"]
[Round "9.65"]
[White "Petrukhina,I"]
[Black "Velikic,A"]
[Result "1/2-1/2"]
[WhiteElo "2190"]
[BlackElo "1992"]
[EventDate "2013.07.23"]

1. d4 d5 2. c4 c6 3. cxd5 cxd5 4. Bf4 Nc6 5. Nc3 Nf6 6. e3 e6 7. Bd3 Bb4 8. Ne2
Nh5 9. Bg3 Nxg3 10. hxg3 g6 11. a3 Be7 12. Nf4 Bf6 13. Qf3 Bg7 14. Rc1 Bd7 15.
b4 Rc8 16. O-O O-O 17. Rfd1 Qe7 18. Bb1 a6 19. g4 b5 20. Qg3 Rfd8 21. Nd3 Be8
22. Nc5 a5 23. Nxb5 axb4 24. axb4 Nxb4 25. Nc3 Qa7 26. Ne2 Bb5 27. Nf4 Bc4 28.
e4 Bxd4 29. Rxd4 Qxc5 30. Rdd1 d4 31. Qa3 Qb5 32. Qb2 e5 33. Nh3 Na6 34. Qd2 Kg7
35. f4 Be2 36. Rxc8 Rxc8 37. Re1 Bxg4 38. Nf2 Bd7 39. Bd3 Qb4 40. Qe2 Nc5 41.
fxe5 Na4 42. Rf1 Qc5 43. Ng4 Bxg4 44. Qxg4 Nb2 45. Qd7 Rf8 46. e6 Nxd3 47. e7
Ne5 48. exf8=Q+ Kxf8 49. Qd8+ Kg7 50. Qf6+ Kg8 51. Ra1 d3+ 52. Kf1 Nd7 53. Qd8+
Nf8 54. Qxd3 Ne6 55. Rd1 Qe5 56. Qe3 Qh2 57. Qh3 Qxh3 58. gxh3 Ng5 59. Kg2 Nxe4
60. Rd4 Ng5 61. Rd6 Kg7 62. Rd7 Ne6 63. Kg3 g5 64. Rd5 Kg6 65. Ra5 Ng7 66. Ra8
h5 67. Rg8 Kf6 68. Rh8 Kg6 69. Rg8 Kh7 70. Ra8 Ne6 71. Ra5 Kg6 72. Rb5 f6 73.
Ra5 Nf4 74. Rb5 Ne2+ 75. Kf2 Nc3 76. Ra5 Ne4+ 77. Kf3 Nd6 78. Rd5 Nf7 79. Kg3
Ne5 80. Ra5 Kf5 81. Ra4 Nd3 82. Rc4 Nf4 83. Ra4 Kg6 84. Ra5 h4+ 85. Kh2 f5 86.
Ra6+ Kh5 87. Ra5 Kg6 88. Ra6+ Kf7 89. Ra5 Kf6 90. Ra4 Ke5 91. Rb4 g4 92. hxg4
fxg4 93. Ra4 g3+ 94. Kg1 h3 95. Ra2 Kf5 96. Rb2 Kg5 97. Ra2 Nd5 98. Ra3 Kf4 99.
Ra8 Kf3 100. Ra3+ Ne3 101. Rb3 Ke2 102. Rb2+ Kf3 103. Rb3 g2 104. Kh2 Kf2 105.
Rb2+ Kf3 106. Rb3 Kf4 107. Rb4+ Kg5 108. Rb1 Kh4 109. Rb3 Ng4+ 110. Kg1 Ne5 111.
Kh2 Ng4+ 112. Kg1 Nf6 113. Kh2 Ng4+ 114. Kg1 1/2-1/2

[Event "14th ch-EUR Ind w"]
[Site "Belgrade SRB"]
[Date "2013.08.01"]
[Round "9.81"]
[White "Mahmutbegovic,N"]
[Black "Pihajlic,A"]
[Result "1/2-1/2"]
[WhiteElo "1800"]
[BlackElo "1882"]
[EventDate "2013.07.23"]

1. e4 e6 2. d4 d5 3. exd5 exd5 4. Bd3 Bd6 5. Nf3 Ne7 6. O-O h6 7. Re1 Bg4 8.
Nbd2 Nc6 9. c3 Qd7 10. Qc2 O-O-O 11. b4 Rde8 12. b5 Nd8 13. a4 Bf5 14. Nb3 Bxd3
15. Qxd3 Qf5 16. Qxf5+ Nxf5 17. Bd2 f6 18. Rac1 g5 19. Rxe8 Rxe8 20. h3 h5 21.
Nh2 Bxh2+ 22. Kxh2 Nd6 23. Be1 Re2 24. Nd2 Ne6 25. g3 g4 26. hxg4 hxg4 27. Kg1
Ng5 28. Kf1 Re8 29. c4 dxc4 30. Nxc4 Nxc4 31. Rxc4 Re4 32. Bc3 Ne6 33. Rb4 f5
34. d5 Nc5 35. Rxe4 Nxe4 36. Bd4 a6 37. bxa6 bxa6 38. Ke2 Kd7 39. Be5 Nc5 40.
Ke3 Nxa4 41. Kf4 Nb6 42. Kxf5 Nxd5 43. Kxg4 c5 44. Kf3 Ke6 1/2-1/2

[Event "14th ch-EUR Ind w"]
[Site "Belgrade SRB"]
[Date "2013.08.03"]
[Round "11.19"]
[White "Cosma, Elena-Luminita"]
[Black "Zhukova, Natalia"]
[Result "0-1"]
[WhiteElo "2329"]
[BlackElo "2471"]
[EventDate "2013.07.23"]

1. Nf3 c5 2. c4 Nc6 3. g3 e5 4. d3 Nge7 5. Nc3 d6 6. Bg2 g6 7. Bg5 Bg7 8.
Nd5 h6 9. Bf6 Bxf6 10. Nxf6+ Kf8 11. Nd2 Kg7 12. Nde4 Be6 13. O-O d5 14.
cxd5 Nxd5 15. Nxd5 Bxd5 16. a3 Re8 17. Rc1 b6 18. Nc3 Bxg2 19. Kxg2 Qd7 20.
h3 Rad8 21. Kh2 Qe6 22. Qa4 Rd4 23. b4 cxb4 24. Nb5 bxa3 25. Nxd4 Nxd4 26.
Qxa3 Nxe2 27. Rc7 Nd4 28. Qa4 Nf3+ 29. Kg2 Nd2 30. Rd1 Qd5+ 31. Kg1 Nf3+
32. Kf1 Nd4 33. Kg1 Re6 34. Qxa7 Rf6 35. Qb7 Ne2+ 36. Kf1 Nxg3+ 37. Ke1
Qa5+ 38. Rd2 Nf1 39. Rc2 Nxd2 40. Rxd2 Rxf2 0-1